Представление документа в формате MARC21

ПолеНазваниеЗначение
  Тип записи a
  Библиографический уровень m
001 Контрольный номер RU/URAIT/587313
005 Дата корректировки 20260429163707.4
008 Кодируемые данные 260429s2026 RU y f j 000 0 rus u
020 Индекс ISBN __
a ISBN 978-5-534-10368-7
c Цена, тираж 1749.00
040 Источник каталогиз. __
a Служба первич. каталог. ИКО Юрайт
c Служба, преобразующая запись ИКО Юрайт
e Правила каталог. RCR
041 Код языка издания __
a Код языка текста rus
044 Код страны публикации __
a Код страны публикации RU
080 Индекс УДК __
a Индекс УДК 621(075.32)
084 Индекс другой классификации/Индекс ББК __
2 Источник индекса rubbk
a Индекс другой классификации/Индекс ББК 32.85я723
100 Автор __
a Автор Новожилов О. П.
q Полное имя Новожилов Олег Петрович
245 Заглавие __
a Заглавие Электроника и схемотехника в 2 ч. Часть 2
b Продолж. заглавия учебник для спо
c Ответственность О. П. Новожилов.
256 Характеристики компьютерного файла __
a Характеристики компьютерного файла Электрон. дан.
260 Выходные данные __
a Место издания Москва
b Издательство Юрайт
c Дата издания 2026
300 Физическое описание __
a Объем 421 с
440 Серия __
a Серия Профессиональное образование
500 Примечания __
a Примечание URL: https://urait.ru/bcode/587313 (дата обращения: 29.04.2026).
520 Аннотация __
a Аннотация Изучение данного курса позволит заложить фундаментальные знания физики полупроводников, полупроводниковых приборов и их характеристик, принципов построения, работы, проектирования и применения электронных схем и устройств. Учебник состоит из двух частей. В первой части приведены общие сведения об электронных устройствах: особенности схемной реализации, их классификация и сравнительная оценка. Рассмотрены вопросы полупроводниковой электроники, различные типы усилительных устройств, автогенераторы, преобразователи и умножители частоты, модуляторы и детекторы, импульсные устройства и устройства источников питания, операционные усилители, компараторы, нелинейные реактивные элементы и узлы на их основе. Во второй части учебника рассмотрены вопросы схемотехники цифровых устройств комбинационного и последовательностного типов, запоминающие устройства и устройства с программируемой структурой. С единых позиций изложены вопросы схемотехники устройств дискретной обработки аналоговых сигналов, рассмотрены особенности их схемной реализации с помощью цифровых узлов и цепей с переключаемыми конденсаторами. Достаточно подробно рассмотрены вопросы схемотехники цифро-аналоговых и аналого-цифровых преобразователей.
538 Прим. о системных особенностях __
a Прим. о системных особенностях Режим доступа: Электронно-библиотечная система Юрайт, для авториз. пользователей
653 Ключевые слова __
a Ключевые слова Электротехника, электроника, телекоммуникации
653 Ключевые слова __
a Ключевые слова Технические науки
653 Ключевые слова __
a Ключевые слова Электротехника
653 Ключевые слова __
a Ключевые слова Общая электротехника и электроника
653 Ключевые слова __
a Ключевые слова Основы схемотехники
653 Ключевые слова __
a Ключевые слова Теоретическая электротехника
653 Ключевые слова __
a Ключевые слова Электротехника и электроника
653 Ключевые слова __
a Ключевые слова Основы электротехники и электроники
653 Ключевые слова __
a Ключевые слова Теоретические основы электротехники
653 Ключевые слова __
a Ключевые слова Схемотехника
653 Ключевые слова __
a Ключевые слова Электроника и схемотехника
653 Ключевые слова __
a Ключевые слова Теория электрических цепей
653 Ключевые слова __
a Ключевые слова Основы электротехники
653 Ключевые слова __
a Ключевые слова Теоретические основы электротехники и электроники
653 Ключевые слова __
a Ключевые слова Цифровая схемотехника
653 Ключевые слова __
a Ключевые слова Электронная техника
653 Ключевые слова __
a Ключевые слова Электротехника и электронная техника
653 Ключевые слова __
a Ключевые слова Теория электросвязи
653 Ключевые слова __
a Ключевые слова Электроника и электротехника
653 Ключевые слова __
a Ключевые слова Электротехника и основы электронной техники
653 Ключевые слова __
a Ключевые слова Аналоговая схемотехника
653 Ключевые слова __
a Ключевые слова Электротехника и основы электроники
653 Ключевые слова __
a Ключевые слова Основы электроники и схемотехники
653 Ключевые слова __
a Ключевые слова Общая электротехника
653 Ключевые слова __
a Ключевые слова Схемотехника и электроника
653 Ключевые слова __
a Ключевые слова Теоретические основы электротехники и электроника
653 Ключевые слова __
a Ключевые слова Основы электронной техники
653 Ключевые слова __
a Ключевые слова Теоретические основы общей электротехники
653 Ключевые слова __
a Ключевые слова Электроника и основы схемотехники
653 Ключевые слова __
a Ключевые слова Основы электроники и электротехники
653 Ключевые слова __
a Ключевые слова Основы цифровой схемотехники
653 Ключевые слова __
a Ключевые слова Теоретическая электротехника и электроника
653 Ключевые слова __
a Ключевые слова Схемотехника аналоговая
653 Ключевые слова __
a Ключевые слова Схемотехника цифровая
653 Ключевые слова __
a Ключевые слова Электротехника и электроника. Раздел Электротехника
653 Ключевые слова __
a Ключевые слова Электротехника, электроника
653 Ключевые слова __
a Ключевые слова Разработка конструкции блоков с низкой плотностью компоновки элементов
653 Ключевые слова __
a Ключевые слова Устройство и схемотехника интеллектуального оборудования
856 Электронный адрес документа 40
n Местонахождение сервера Юрайт
g Электронная книга
q Тип электронного формата html
h Имя пользователя ЮРАЙТ
v Часы доступа к ресурсу 20271231
2 Способ доступа Показать документ
x Служебное примечание https://urait.ru/book/cover/E67AED2C-4D49-44F2-8B21-7509E55943A0
u URL https://urait.ru/bcode/587313
856 Электронный адрес документа 48
q Тип электронного формата cover
u URL https://urait.ru/book/cover/E67AED2C-4D49-44F2-8B21-7509E55943A0
911 __
u 0030=https://urait.ru/bcode/587313
911 __
u 073a=9785534103687
u 073d=1749.00
911 __
u 106a=s
911 __
u 900l=
952 Тип литературы __
i Дисциплина Электротехника
952 Тип литературы __
i Дисциплина Общая электротехника и электроника
952 Тип литературы __
i Дисциплина Основы схемотехники
952 Тип литературы __
i Дисциплина Теоретическая электротехника
952 Тип литературы __
i Дисциплина Электротехника и электроника
952 Тип литературы __
i Дисциплина Основы электротехники и электроники
952 Тип литературы __
i Дисциплина Теоретические основы электротехники
952 Тип литературы __
i Дисциплина Схемотехника
952 Тип литературы __
i Дисциплина Электроника и схемотехника
952 Тип литературы __
i Дисциплина Теория электрических цепей
952 Тип литературы __
i Дисциплина Основы электротехники
952 Тип литературы __
i Дисциплина Теоретические основы электротехники и электроники
952 Тип литературы __
i Дисциплина Цифровая схемотехника
952 Тип литературы __
i Дисциплина Электронная техника
952 Тип литературы __
i Дисциплина Электротехника и электронная техника
952 Тип литературы __
i Дисциплина Теория электросвязи
952 Тип литературы __
i Дисциплина Электроника и электротехника
952 Тип литературы __
i Дисциплина Электротехника и основы электронной техники
952 Тип литературы __
i Дисциплина Аналоговая схемотехника
952 Тип литературы __
i Дисциплина Электротехника и основы электроники
952 Тип литературы __
i Дисциплина Основы электроники и схемотехники
952 Тип литературы __
i Дисциплина Общая электротехника
952 Тип литературы __
i Дисциплина Схемотехника и электроника
952 Тип литературы __
i Дисциплина Теоретические основы электротехники и электроника
952 Тип литературы __
i Дисциплина Основы электронной техники
952 Тип литературы __
i Дисциплина Теоретические основы общей электротехники
952 Тип литературы __
i Дисциплина Электроника и основы схемотехники
952 Тип литературы __
i Дисциплина Основы электроники и электротехники
952 Тип литературы __
i Дисциплина Основы цифровой схемотехники
952 Тип литературы __
i Дисциплина Теоретическая электротехника и электроника
952 Тип литературы __
i Дисциплина Схемотехника аналоговая
952 Тип литературы __
i Дисциплина Схемотехника цифровая
952 Тип литературы __
i Дисциплина Электротехника и электроника. Раздел Электротехника
952 Тип литературы __
i Дисциплина Электротехника, электроника
952 Тип литературы __
i Дисциплина Разработка конструкции блоков с низкой плотностью компоновки элементов
952 Тип литературы __
i Дисциплина Устройство и схемотехника интеллектуального оборудования